00636nam a2200229Ia 4500003000400000005001700004008004100021040000700062041000800069082002300077100003200100245001700132250000600149260002800155300001400183365001200197650002000209906001700229942001200246999001900258952012900277OSt20230525190844.0210423s1999 xx 000 0 und d cAL akan a306.74K 223bSHAP aSHAILAJA (Hiremath)9114581 aPataradavaru a1 aHampibPrasasangac1999 avi,32bPB b75cINR aCulture9114582 aPataradavaru 2ddccBK c173318d173318 001040708MSWaSACPGbSACPGd2002-11-07eBook Worldg75.00l0o306.74K SHAPpPG019908r2022-08-24 00:00:00w2021-04-26yBK